000 00834nam a2200265Ia 4500
003 OSt
005 20220927110341.0
006 a|||||r|||| 00| 0
007 ta
008 220926b |||||||| |||| 00| 0 eng d
024 _a55954
037 _cReports
040 _aRTL
_cRTL
_beng
041 _2eng
_aeng
082 _a"X:97D.5932.N5, J9/UN"
110 _a"International Labour Office, Freedom Of Association (Committee On-)"
245 0 _aTrade union rights in Hungry
_b Report.
260 _aGeneva
_bILO
_c1969
300 _a40p
_ccm.
490 _a"Its, Studies And Reports, New Series 50"
650 _aTrade Unions
700 _a"International Labour Office, Freedom Of Association (Committee On-)"
942 _h"X:97D.5932.N5, J9/UN"
_cCC
999 _c695678
_d695678